| 000 | 00405nam a22001817a 4500 | ||
|---|---|---|---|
| 999 |
_c258503 _d258502 |
||
| 003 | OSt | ||
| 005 | 20200616123647.0 | ||
| 008 | 200616b xxu||||| |||| 00| 0 eng d | ||
| 010 | _a2002110971 | ||
| 020 | _a0534387977 | ||
| 040 | _cn/a | ||
| 050 | _aQH311.S73 2003 | ||
| 100 | _aCecie Starr & Beverly McMillan | ||
| 245 | _aHuman Biology | ||
| 250 | _a5th ed | ||
| 260 | _c2003 | ||
| 942 |
_2lcc _cBK |
||